La ética moderna

Αποθηκεύτηκε σε:
Λεπτομέρειες βιβλιογραφικής εγγραφής
Κύριος συγγραφέας: Litt, Teodoro
Μορφή: Βιβλίο
Γλώσσα:Undetermined
Έκδοση: Madrid, España Revista de Occidente 1932
Θέματα:
Ετικέτες: Προσθήκη ετικέτας
Δεν υπάρχουν, Καταχωρήστε ετικέτα πρώτοι!

MARC

LEADER 00000nam a2200000Ia 4500
008 170316s9999 xx 000 0 und d
090 |a 100 L-43e 
100 |a Litt, Teodoro 
245 |a La ética moderna 
260 |a Madrid, España 
260 |b Revista de Occidente 
260 |c 1932 
300 |a 246 páginas 
650 |a FILOSOFÍA 
650 |a ÉTICA 
999 |c 16845  |d 16845 
040 |a cru BVZT 
942 |c 15 D  |h 100 L-43e  |2 z